01323nam a2200325 a 4500001001200000003000800012006001900020007001500039008004100054020001800095020001800113020001500131040002100146035002100167050002400188245010700212260007600319300001900395490005300414504005300467533015200520650003500672650002300707650002900730655002900759700002400788710001700812830004200829856012600871ebr10236794CaPaEBRm u cr cn|||||||||080903s2004 enka sb 001 0 eng d z9781859574706 z9781847352002 z185957470X aCaPaEBRcCaPaEBR a(OCoLC)56050089614aTP1150b.T76 2004eb00aTroubleshooting injection mouldingh[electronic resource] :ban Arburg guide /cedited by V. Goodship. aShawbury, Shrewsbury, Shropshire, U.K. :bRapra Technology Ltd.,c2004. a138 p. :bill.1 aRapra review reports,x0889-3144 ;vv. 15, no. 4 aIncludes bibliographical references and indexes. aElectronic reproduction.bPalo Alto, Calif. :cebrary,d2011.nAvailable via World Wide Web.nAccess may be limited to ebrary affiliated libraries. 0aInjection molding of plastics. 0aPlasticsxMolding. 0aManufacturing processes. 7aElectronic books.2local1 aGoodship, Vannessa.2 aebrary, Inc. 0aRapra review reports ;vv. 15, no. 4.40uhttp://site.ebrary.com/lib/rucke/Doc?id=10236794zAn electronic book accessible through the World Wide Web; click to view